Score 0/50 Timer 10:00
33 Plays Today
College/University % Correct
Harvard University
97.7%
Yale University
93.7%
University of Pennsylvania
89.1%
Princeton University
87.7%
University of Texas--Austin
81.6%
Massachusetts Institute of Technology
81.2%
Stanford University
80.7%
University of California--Los Angeles
80.2%
New York University
80%
University of California--Berkeley
79.2%
Brown University
78.4%
University of North Carolina--Chapel Hill
78.4%
Duke University
76.9%
University of Michigan--Ann Arbor
75.5%
University of Virginia
75%
Columbia University
74.1%
University of Florida
72.7%
Georgetown University
66.8%
University of Chicago
66.2%
University of Southern California
66.1%
Cornell University
65.9%
Dartmouth College
64.4%
Washington University in St. Louis
61.6%
Boston University
58.9%
Northwestern University
58.7%
College/University % Correct
University of Wisconsin--Madison
55.9%
Boston College
55.5%
Georgia Institute of Technology
54%
Tulane University
52.3%
California Institute of Technology
52.1%
University of Illinois--Urbana-Champaign
52.1%
University of Notre Dame
51.8%
Vanderbilt University
51.2%
Rice University
44.6%
Johns Hopkins University
42.9%
Emory University
40.7%
University of California--San Diego
39.4%
Villanova University
37.5%
Wake Forest University
36.9%
Northeastern University
36%
College of William and Mary
33.8%
University of California--Santa Barbara
30.8%
Tufts University
29%
Carnegie Mellon University
28.4%
University of California--Davis
26.7%
University of California--Irvine
26.1%
Case Western Reserve University
19.6%
University of Rochester
18.6%
Lehigh University
17.1%
Brandeis University
15.8%
Remove Ads.
Support Sporcle.
Get the best of Sporcle when you Go Orange. This ad-free experience offers more features, more stats, and more fun while also helping to support Sporcle. Thank you for becoming a member.

You're not logged in!

Compare scores with friends on all Sporcle quizzes.
OR
Log In

Show Comments

Extras

Top Quizzes Today


Score Distribution

Your Account Isn't Verified!

In order to create a playlist on Sporcle, you need to verify the email address you used during registration. Go to your Sporcle Settings to finish the process.

Report this User

Report this user for behavior that violates our Community Guidelines.

Details: